000 00496nam a2200205Ia 4500
003 OSt
005 20230619145903.0
008 210423s2002 xx 000 0 und d
040 _cAL
041 _aeng
082 _a658.4
_223
_bROBO
100 _aROBBINS (Stephen P)
_9113036
245 _aOrganizational behaviour
250 _a9
260 _bZodiac
_c2002
365 _b350
_cINR
650 _aExecutive Management
_9113037
906 _abehaviour ; Organizational
942 _2ddc
_cBK
999 _c172961
_d172961